[Event "C.to Provinciale SR"]
[Site "Augusta ITA"]
[Date "2006.01.07"]
[Round "4"]
[White "Agnello, Giuseppe"]
[Black "Alaimo, Riccardo"]
[Result "0-1"]
[WhiteElo "2150"]
[BlackElo "2180"]
[PlyCount "52"]
[EventDate "2006.01.06"]

1.e4 c5 2.Nf3 d6 3.d4 cxd4 4.Nxd4 Nf6 5.Nc3 a6 6.Bg5 e6 7.Qd2 h6 8.Bh4 
Nxe4 9.Qf4 Nf6 10.Qe3 Be7 11.Bg3 Nc6 12.O-O-O O-O 13.Be2 Qc7 14.Rd2 Rd8 
15.Rhd1 Rb8 16.Bf3 Na5 17.b3 b5 18.h4 Qc5 19.Nc6 Qa3+ 20.Kb1 Nxc6 21.Bxc6 
Bb7 22.Qa7 Bxc6 23.Qxe7 Rd7 24.Bxd6 b4 25.Bxb4 Qxb4 26.Rxd7 Bxd7 0-1

[Event "C.to Provinciale SR"]
[Site "Augusta ITA"]
[Date "2006.01.08"]
[Round "5"]
[White "Alaimo, Riccardo"]
[Black "Fagotto, Roberto"]
[Result "1-0"]
[WhiteElo "2180"]
[BlackElo "1950"]
[PlyCount "43"]
[EventDate "2006.01.06"]

1.e4 d5 2.exd5 Qxd5 3.Nc3 Qa5 4.d4 c6 5.Nf3 Nf6 6.Bc4 Bf5 7.Bd2 Qc7 8.Qe2 
Bxc2 9.Rc1 Bg6 10.d5 Nbd7 11.O-O Nb6 12.Nb5 Qd8 13.dxc6 bxc6 14.Bf4 cxb5 
15.Bxb5+ Nbd7 16.Bc7 e6 17.Bxd8 Rxd8 18.Ne5 Bd6 19.Nxd7 Nxd7 20.Rfd1 Ke7 
21.Rxd6 Kxd6 22.Qd2+ 1-0

[Event "C.to Provinciale SR"]
[Site "Augusta ITA"]
[Date "2006.01.08"]
[Round "6"]
[White "Cultrera, Salvatore"]
[Black "Alaimo, Riccardo"]
[Result "0-1"]
[WhiteElo "1638"]
[BlackElo "2180"]
[PlyCount "82"]
[EventDate "2006.01.06"]

1.d4 d5 2.Nf3 Nf6 3.c4 c6 4.Nc3 e6 5.cxd5 exd5 6.Bg5 Be7 7.e3 Bf5 8.Bd3 
Bxd3 9.Qxd3 Nbd7 10.h3 O-O 11.O-O Re8 12.Bf4 Bf8 13.Rac1 Ne4 14.Nd2 f5 15.
f3 Nxd2 16.Qxd2 Nf6 17.Rfe1 Bd6 18.Bxd6 Qxd6 19.Qf2 Re7 20.a3 a5 21.Re2 
Rae8 22.Nd1 f4 23.Rcc2 Nh5 24.exf4 Nxf4 25.Rxe7 Qxe7 26.Nc3 h5 27.Qg3 Qf6 
28.Rd2 h4 29.Qf2 Qg5 30.Kh2 Kf7 31.g3 hxg3+ 32.Qxg3 Qf6 33.h4 Rh8 34.Ne2 
Rxh4+ 35.Kg1 Nxe2+ 36.Rxe2 Qxd4+ 37.Kg2 Rh6 38.Qc7+ Kg8 39.Qc8+ Kh7 40.
Qf5+ Rg6+ 41.Kh3 Qg1 0-1

[Event "C.to Provinciale SR"]
[Site "Augusta ITA"]
[Date "2006.01.14"]
[Round "7"]
[White "Alaimo, Riccardo"]
[Black "Rosolia, Giuseppe"]
[Result "1-0"]
[WhiteElo "2180"]
[BlackElo "1885"]
[PlyCount "45"]
[EventDate "2006.01.06"]

1.e4 d5 2.exd5 Nf6 3.d4 Nxd5 4.c4 Nf6 5.Nf3 e6 6.Nc3 Be7 7.Be2 O-O 8.O-O 
b6 9.Ne5 Bb7 10.Bf3 c6 11.Bf4 Qc8 12.Qe2 Nbd7 13.Rfd1 Nxe5 14.dxe5 Ne8 15.
Rd3 Qc7 16.Rad1 Rd8 17.Rxd8 Bxd8 18.Qd2 Be7 19.Qd7 Bd6 20.Rxd6 Qb8 21.Rd1 
Ba6 22.Qxc6 Nf6 23.Qa4 1-0

[Event "C.to Provinciale SR"]
[Site "Augusta ITA"]
[Date "2006.01.14"]
[Round "8"]
[White "Scollo, Vincenzo"]
[Black "Alaimo, Riccardo"]
[Result "1-0"]
[WhiteElo "2066"]
[BlackElo "2180"]
[PlyCount "77"]
[EventDate "2006.01.06"]

1.e4 c5 2.Nf3 d6 3.d4 cxd4 4.Nxd4 Nf6 5.Nc3 a6 6.Be2 e5 7.Nb3 Be7 8.O-O 
O-O 9.Kh1 Be6 10.f4 Qc7 11.Be3 Nbd7 12.f5 Bc4 13.Bxc4 Qxc4 14.Nd2 Qc6 15.
Qf3 b5 16.a3 Nb6 17.Rad1 Rfd8 18.g4 d5 19.Bxb6 Qxb6 20.exd5 b4 21.axb4 
Bxb4 22.Nde4 Bxc3 23.Nxf6+ Qxf6 24.Qxc3 Rac8 25.Qd3 e4 26.Qxe4 Re8 27.Qd3 
Qxb2 28.Rfe1 h6 29.Rxe8+ Rxe8 30.d6 Qb7+ 31.Qd5 Re1+ 32.Kg2 Qb4 33.Rxe1 
Qxe1 34.Qd3 Qb4 35.Kh3 h5 36.gxh5 g5 37.hxg6 Qf4 38.d7 Qh6+ 39.Kg4 1-0

[Event "C.to Provinciale ME"]
[Site "Capo d'Orlando ITA"]
[Date "2006.01.??"]
[Round "2"]
[White "Calpona, Sebastiano"]
[Black "Napoli Costa, Aurelio"]
[Result "0-1"]
[WhiteElo "1745"]
[BlackElo "2094"]
[PlyCount "72"]
[EventDate "2006.01.06"]

1. d4 d5 2. Nf3 Nf6 3. g3 h6 4. Bg2 Bf5 5. c4 e6 6. Nc3 Be7 7. Bf4 c6 8. Qb3
Qb6 9. c5 Qxb3 10. axb3 Nbd7 11. b4 O-O 12. b5 g5 13. Be3 Ng4 14. h3 Nxe3 15.
fxe3 cxb5 16. Nxb5 a6 17. Nc3 Bf6 18. Kd2 b6 19. g4 Bg6 20. c6 Nb8 21. Rhc1 Rc8
22. c7 Nd7 23. Nb5 Be7 24. Ne5 Nxe5 25. dxe5 Bc5 26. Ra4 axb5 27. Rxa8 Rxa8 28.
e4 dxe4 29. Ra1 Rc8 30. Ra7 Bd4 31. Rb7 Kg7 32. e3 Bxb2 33. Bf1 b4 34. Ba6 Bxe5
35. Ra7 Rxc7 36. Ra8 b3 0-1

[Event "C.to Provinciale ME"]
[Site "Capo d'Orlando ITA"]
[Date "2006.01.??"]
[Round "4"]
[White "Napoli Costa, Aurelio"]
[Black "Ferrigno, Vincenzo"]
[Result "1-0"]
[WhiteElo "2094"]
[BlackElo "1691"]
[PlyCount "71"]
[EventDate "2006.01.06"]

1. e4 e5 2. Nf3 Nc6 3. Bb5 a6 4. Ba4 Nf6 5. d4 exd4 6. e5 Nd5 7. O-O Be7 8.
Nxd4 O-O 9. c4 Nxd4 10. Qxd4 Nb6 11. Bc2 d6 12. Rd1 Be6 13. c5 Nd5 14. Qe4 g6
15. cxd6 cxd6 16. Rxd5 Rc8 17. Nc3 Bf5 18. Qe2 Bxc2 19. Qxc2 Re8 20. exd6 Bxd6
21. Bf4 Qe7 22. Be3 Qe6 23. Rad1 Bf4 24. R1d3 b5 25. Qd2 Bc7 26. a3 Qe7 27. Rd7
Qe5 28. g3 h5 29. Kg2 h4 30. Nd5 Re6 31. Nxc7 Rxc7 32. Rd8+ Kh7 33. Bd4 Qe4+
34. f3 Qe2+ 35. Qxe2 Rxe2+ 36. Kf1 1-0

[Event "C.to Provinciale PV"]
[Site "Cilavegna ITA"]
[Date "2006.01.06"]
[Round "1"]
[White "Crimi, Alessandro"]
[Black "Cammarata, Antonino"]
[Result "1-0"]
[WhiteElo "1856"]
[BlackElo "1540"]
[PlyCount "49"]
[EventDate "2006.01.06"]

1. d4 b6 2. c4 Nf6 3. Nc3 Bb7 4. f3 g6 5. e4 d6 6. Bd3 Bg7 7. f4 O-O 8. Nf3
Nbd7 9. O-O c5 10. d5 e6 11. Nb5 Ne8 12. Ng5 e5 13. f5 Bh6 14. Ne6 Qh4 15. g3
Qh3 16. Be2 Ndf6 17. Nxf8 Bxf8 18. fxg6 hxg6 19. Bg5 Nxe4 20. Bh4 f5 21. Bf3 g5
22. Bxe4 fxe4 23. Qh5 Ng7 24. Qf7+ Kh7 25. Bxg5 1-0

[Event "C.to Provinciale PV"]
[Site "Cilavegna ITA"]
[Date "2006.01.06"]
[Round "1"]
[White "Fadigati, Roberto"]
[Black "Sparpaglione, Bruno"]
[Result "0-1"]
[WhiteElo "1473"]
[BlackElo "1790"]
[PlyCount "140"]
[EventDate "2006.01.06"]

1. e4 c5 2. Nc3 d6 3. Nf3 a6 4. d4 cxd4 5. Nxd4 e6 6. Bd3 Nc6 7. Nf3 Nf6 8. O-O
Be7 9. Re1 Qc7 10. a3 b5 11. Ne2 Bb7 12. Ng3 Nd7 13. Bg5 Nde5 14. Bxe7 Qxe7 15.
Nxe5 dxe5 16. c3 O-O 17. Qe2 Rfc8 18. Bc2 Na5 19. Rad1 Rc7 20. Bb1 Nb3 21. Ba2
Nc5 22. Qg4 g6 23. h4 Rd8 24. Rxd8+ Qxd8 25. Rd1 Rd7 26. Rxd7 Nxd7 27. Qd1 Qc7
28. h5 Nf6 29. hxg6 hxg6 30. f3 Kf8 31. Qd2 Nd7 32. b4 Ke7 33. Qg5+ Ke8 34. Qd2
Nb6 35. Ne2 Ke7 36. Qg5+ Ke8 37. Qd2 Bc8 38. Kf2 Na4 39. Bb3 Nb6 40. Nc1 Nd7
41. Nd3 Qd6 42. Ke2 Kd8 43. Qe3 Kc7 44. g3 Bb7 45. a4 Qc6 46. Nb2 f5 47. axb5
axb5 48. Qd3 Nf6 49. exf5 exf5 50. Nd1 e4 51. fxe4 Nxe4 52. Qe3 Qd6 53. Qf4
Nxg3+ 54. Ke3 g5 55. Qxd6+ Kxd6 56. Kf2 Ne4+ 57. Kg1 Nd2 58. Bc2 Be4 59. Bxe4
Nxe4 60. Kg2 Ke5 61. Kf3 g4+ 62. Kg2 f4 63. Kf1 Kd5 64. Kg2 Kc4 65. Kf1 g3 66.
Kg2 Nxc3 67. Nb2+ Kd4 68. Kf3 g2 69. Kxg2 Ke3 70. Kf1 Kd2 0-1

[Event "C.to Provinciale PV"]
[Site "Cilavegna ITA"]
[Date "2006.01.06"]
[Round "1"]
[White "Marchesotti, Giovanni"]
[Black "Orsi, Matteo"]
[Result "0-1"]
[WhiteElo "1550"]
[BlackElo "1900"]
[PlyCount "118"]
[EventDate "2006.01.06"]

1. Nf3 d5 2. g3 Nf6 3. Bg2 g6 4. O-O Bg7 5. d3 O-O 6. Nbd2 c6 7. Re1 Bg4 8. h3
Bxf3 9. Nxf3 Nbd7 10. Bf4 Nh5 11. Bd2 Qb6 12. g4 Nhf6 13. Rb1 e5 14. e4 dxe4
15. dxe4 Rfe8 16. Bc3 Rad8 17. Qe2 Re7 18. Red1 Ne8 19. Qd2 Qc7 20. Bb4 c5 21.
Ba3 Nef6 22. Qe3 b6 23. Nd2 Nf8 24. Nc4 Red7 25. Qe1 Rxd1 26. Rxd1 Rxd1 27.
Qxd1 b5 28. Nd6 b4 29. Nc4 bxa3 30. Nxa3 Qd7 31. Qxd7 N8xd7 32. Nb5 a5 33. b3
Nb6 34. c4 a4 35. Nc3 axb3 36. axb3 Nc8 37. f3 Ne7 38. Kf2 Nc6 39. Nd5 Nd7 40.
Bf1 Nd4 41. b4 cxb4 42. Nxb4 Bf8 43. Nd5 Nc5 44. Nf6+ Kg7 45. g5 Be7 46. Ne8+
Kf8 47. Nf6 Bxf6 48. gxf6 Nd7 49. Ke3 Nxf6 50. f4 Nc6 51. fxe5 Nxe5 52. Kf4
Nfd7 53. h4 Ke7 54. Bh3 Nxc4 55. Bxd7 Kxd7 56. Kg5 h5 57. Kf6 Ke8 58. Kg5 Ke7
59. Kh6 Kf6 0-1

[Event "C.to Provinciale PV"]
[Site "Cilavegna ITA"]
[Date "2006.01.06"]
[Round "1"]
[White "Melino, Gianluca"]
[Black "Fadali, Mustafa"]
[Result "0-1"]
[WhiteElo "1640"]
[BlackElo "2009"]
[PlyCount "54"]
[EventDate "2006.01.06"]

1. d4 d5 2. Bg5 Nf6 3. Bxf6 exf6 4. e3 Bd6 5. c4 dxc4 6. Bxc4 O-O 7. Nc3 c6 8.
Nge2 Bg4 9. O-O f5 10. h3 Qh4 11. f4 Bh5 12. Qe1 Qe7 13. Ng3 Bg6 14. Qf2 Nd7
15. Bd3 Rae8 16. Bxf5 Nb6 17. e4 Bc7 18. Rae1 Qb4 19. Qc2 Qxd4+ 20. Kh1 Nc4 21.
Rf3 Qc5 22. e5 Rd8 23. Bxg6 hxg6 24. Nce4 Qb4 25. Rc1 Nd2 26. a3 Qd4 27. Rd3
Qxd3 0-1

[Event "C.to Provinciale PV"]
[Site "Cilavegna ITA"]
[Date "2006.01.06"]
[Round "1"]
[White "Ranola, Yves"]
[Black "Torretta, Gilberto"]
[Result "1-0"]
[WhiteElo "2434"]
[BlackElo "1664"]
[PlyCount "77"]
[EventDate "2006.01.06"]

1. Nf3 Nf6 2. g3 g6 3. b3 Bg7 4. Bb2 Nc6 5. Bg2 d6 6. d4 O-O 7. O-O Re8 8. h3
a5 9. d5 Nb4 10. c4 c5 11. dxc6 bxc6 12. a3 Na6 13. Nd4 Bb7 14. Nc3 Qc7 15. e3
e5 16. Nde2 Nc5 17. b4 axb4 18. axb4 Ne6 19. Qb3 Rab8 20. Rfd1 Red8 21. Rac1
Kh8 22. Ba3 Ng8 23. h4 f5 24. c5 d5 25. e4 Nd4 26. Nxd4 exd4 27. Nxd5 cxd5 28.
exd5 Bxd5 29. Bxd5 Nf6 30. Rxd4 Ne4 31. Rd3 Qe5 32. c6 Rdc8 33. b5 Rb6 34. Rcd1
Qb8 35. Be6 Re8 36. Qc4 Be5 37. f4 Bxf4 38. gxf4 Rxb5 39. Bb2+ 1-0

[Event "C.to Provinciale PV"]
[Site "Cilavegna ITA"]
[Date "2006.01.06"]
[Round "2"]
[White "Fadali, Mustafa"]
[Black "Griffini, Andrea"]
[Result "1-0"]
[WhiteElo "2009"]
[BlackElo "1732"]
[PlyCount "77"]
[EventDate "2006.01.06"]

1. e4 Nf6 2. e5 Nd5 3. d4 d6 4. f4 Bf5 5. Bd3 Bxd3 6. Qxd3 e6 7. Nf3 Be7 8. O-O
O-O 9. a3 f6 10. c4 Nb6 11. Be3 Nc6 12. d5 dxe5 13. Nc3 exf4 14. Bxf4 exd5 15.
cxd5 Bc5+ 16. Kh1 Ne7 17. Rad1 Ng6 18. Bg3 Bd6 19. Nd4 Qd7 20. Bxd6 Qxd6 21.
Ne6 Rf7 22. Nb5 Qd7 23. Nbxc7 Rc8 24. d6 Ne5 25. Qd4 Nc6 26. Qh4 Ne5 27. Qd4
Nc6 28. Qe4 Ne5 29. b3 Nc6 30. Nc5 f5 31. Qf3 Ne5 32. Qc3 Rxc7 33. Qxe5 Rxc5
34. Qxc5 Rf8 35. Rd3 g6 36. Re1 Rc8 37. Qd4 h6 38. h3 Re8 39. Rc1 1-0

[Event "C.to Provinciale PV"]
[Site "Cilavegna ITA"]
[Date "2006.01.06"]
[Round "2"]
[White "Giuberchio, Cesare"]
[Black "Fadigati, Roberto"]
[Result "1-0"]
[WhiteElo "1973"]
[BlackElo "1473"]
[PlyCount "59"]
[EventDate "2006.01.06"]

1. e4 e5 2. Nf3 d6 3. d4 Nc6 4. Bc4 h6 5. dxe5 dxe5 6. Qxd8+ Nxd8 7. Nxe5 Bd6
8. Nd3 f6 9. Nc3 Nc6 10. Bf4 Ne5 11. Nxe5 fxe5 12. Be3 Nf6 13. O-O-O Bd7 14. f3
a6 15. Bb3 O-O-O 16. Na4 Bxa4 17. Bxa4 b5 18. Bb3 g5 19. h4 g4 20. Be6+ Kb7 21.
Bxg4 h5 22. Be6 Rde8 23. Bb3 Re7 24. Bg5 Rf8 25. g4 Rh7 26. Rdf1 hxg4 27. fxg4
Nxe4 28. Rxf8 Bxf8 29. Bd5+ Kb6 30. Bxe4 1-0

[Event "C.to Provinciale PV"]
[Site "Cilavegna ITA"]
[Date "2006.01.06"]
[Round "2"]
[White "Ornati, Gianmaria"]
[Black "Crimi, Alessandro"]
[Result "1/2-1/2"]
[WhiteElo "1675"]
[BlackElo "1856"]
[PlyCount "35"]
[EventDate "2006.01.06"]

1. d4 Nf6 2. c4 c5 3. d5 e6 4. Nc3 exd5 5. cxd5 d6 6. e4 g6 7. Nf3 Bg7 8. Be2
O-O 9. O-O Re8 10. Qc2 Na6 11. a3 Nc7 12. Re1 Bg4 13. Bg5 Qd7 14. Nd2 Bxe2 15.
Rxe2 b5 16. Rae1 Qg4 17. Nf3 Rac8 18. e5 1/2-1/2

[Event "C.to Provinciale PV"]
[Site "Cilavegna ITA"]
[Date "2006.01.06"]
[Round "2"]
[White "Orsi, Matteo"]
[Black "Arena, Piermario"]
[Result "1-0"]
[WhiteElo "1900"]
[BlackElo "1670"]
[PlyCount "55"]
[EventDate "2006.01.06"]

1. d4 e6 2. c4 d5 3. Nc3 c6 4. Nf3 Nf6 5. cxd5 exd5 6. Bg5 Be7 7. e3 Nbd7 8.
Bd3 Nf8 9. Qc2 Ne6 10. Bh4 g6 11. Ne5 O-O 12. O-O-O Ng7 13. Be2 Bf5 14. Qd2 Re8
15. f3 Qa5 16. g4 Be6 17. Bxf6 Bxf6 18. h4 c5 19. h5 gxh5 20. gxh5 Nf5 21. Bd3
Bxe5 22. dxe5 d4 23. exd4 cxd4 24. Qg5+ Kf8 25. Bxf5 Bxf5 26. Qh6+ Kg8 27.
Rdg1+ Bg6 28. hxg6 1-0

[Event "C.to Provinciale PV"]
[Site "Cilavegna ITA"]
[Date "2006.01.06"]
[Round "2"]
[White "Sparpaglione, Bruno"]
[Black "Ranola, Yves"]
[Result "0-1"]
[WhiteElo "1790"]
[BlackElo "2434"]
[PlyCount "66"]
[EventDate "2006.01.06"]

1. Nf3 d5 2. d4 Nc6 3. c4 Bg4 4. e3 e5 5. dxe5 dxc4 6. Qa4 Bb4+ 7. Bd2 Bxf3 8.
gxf3 Bxd2+ 9. Nxd2 Qd5 10. Bxc4 Qxe5 11. O-O-O Nge7 12. Ne4 O-O 13. f4 Qa5 14.
Qb3 Qf5 15. Ng3 Qh3 16. Qc3 Rad8 17. Rxd8 Rxd8 18. Bf1 Qd7 19. Bg2 Nd5 20. Bxd5
Qxd5 21. a3 Ne7 22. Kb1 c5 23. Rg1 Kf8 24. e4 Qd4 25. Qc2 c4 26. Rc1 b5 27. Qe2
g6 28. Rc3 Nc6 29. h4 Na5 30. h5 Nb3 31. Rc1 Nxc1 32. Kxc1 c3 33. b3 Qd6 0-1

[Event "C.to Provinciale PV"]
[Site "Cilavegna ITA"]
[Date "2006.01.07"]
[Round "3"]
[White "Arena, Piermario"]
[Black "Marchesotti, Giovanni"]
[Result "1-0"]
[WhiteElo "1670"]
[BlackElo "1550"]
[PlyCount "55"]
[EventDate "2006.01.06"]

1. e4 c6 2. d4 d5 3. e5 Bf5 4. Nf3 e6 5. Be2 Nd7 6. c3 Be7 7. O-O Qc7 8. Re1
O-O-O 9. a4 h6 10. Na3 Bxa3 11. Rxa3 Ne7 12. b4 Nb6 13. Nd2 Ng6 14. a5 Nd7 15.
g4 Be4 16. f3 Nf4 17. fxe4 dxe4 18. Nxe4 Nxe2+ 19. Qxe2 Nxe5 20. dxe5 Qxe5 21.
Ng3 Qc7 22. Be3 Rd5 23. Raa1 Re5 24. Qf2 Rd8 25. Bf4 Rxe1+ 26. Rxe1 Qd7 27. Qe2
Qd5 28. Qe5 1-0

[Event "C.to Provinciale PV"]
[Site "Cilavegna ITA"]
[Date "2006.01.07"]
[Round "3"]
[White "Crimi, Alessandro"]
[Black "Orsi, Matteo"]
[Result "0-1"]
[WhiteElo "1856"]
[BlackElo "1900"]
[PlyCount "54"]
[EventDate "2006.01.06"]

1. d4 Nf6 2. c4 c5 3. d5 b5 4. Nf3 g6 5. a4 bxc4 6. Nc3 d6 7. e4 Bg7 8. Bxc4
Nbd7 9. O-O O-O 10. h3 Nb6 11. Be2 Ne8 12. Bg5 Nd7 13. Qd2 Ne5 14. Nh2 f5 15.
f4 Nf7 16. Bh4 Rb8 17. e5 dxe5 18. d6 Qxd6 19. Nd5 Nf6 20. Nxe7+ Qxe7 21. fxe5
Qxe5 22. Nf3 Rxb2 23. Nxe5 Rxd2 24. Bc4 Bb7 25. Rfb1 Bd5 26. Bxf6 Bxf6 27. Nxf7
Bd4+ 0-1

[Event "C.to Provinciale PV"]
[Site "Cilavegna ITA"]
[Date "2006.01.07"]
[Round "3"]
[White "Melino, Gianluca"]
[Black "Sparpaglione, Bruno"]
[Result "1/2-1/2"]
[WhiteElo "1640"]
[BlackElo "1790"]
[PlyCount "62"]
[EventDate "2006.01.06"]

1. d4 d5 2. Bg5 h6 3. Bh4 c6 4. e3 Qb6 5. Qc1 Bf5 6. Nd2 Nd7 7. Ngf3 Ngf6 8.
Be2 e6 9. O-O Bd6 10. c4 c5 11. b3 Rc8 12. Qd1 g5 13. Bg3 Ne4 14. Bxd6 Qxd6 15.
Nxe4 Bxe4 16. Nd2 Bg6 17. Nf3 O-O 18. Qd2 dxc4 19. Bxc4 cxd4 20. Qxd4 Qxd4 21.
Nxd4 a6 22. Nxe6 Rfe8 23. Nd4 Ne5 24. Be2 Rc7 25. Rfc1 Rec8 26. Rxc7 Rxc7 27.
Kf1 Bd3 28. Ke1 Bxe2 29. Kxe2 Kg7 30. h3 Kg6 31. Kd2 Rd7 1/2-1/2

[Event "C.to Provinciale PV"]
[Site "Cilavegna ITA"]
[Date "2006.01.07"]
[Round "3"]
[White "Ornati, Gianmaria"]
[Black "Giuberchio, Cesare"]
[Result "0-1"]
[WhiteElo "1675"]
[BlackElo "1973"]
[PlyCount "118"]
[EventDate "2006.01.06"]

1. d4 Nf6 2. Nf3 c5 3. e3 b6 4. c4 g6 5. Nc3 Bg7 6. Bd3 O-O 7. O-O e6 8. d5
exd5 9. cxd5 d6 10. Qc2 Na6 11. Bb5 Nc7 12. Bc6 Rb8 13. a4 Bd7 14. Bxd7 Qxd7
15. e4 Rfe8 16. Re1 a6 17. Bf4 Nh5 18. Bd2 b5 19. axb5 axb5 20. Nd1 b4 21. Ne3
Nf4 22. h3 b3 23. Qb1 Nb5 24. Ng4 h5 25. Nf6+ Bxf6 26. Bxf4 c4 27. e5 dxe5 28.
Bxe5 Bxe5 29. Nxe5 Qxd5 30. Nxg6 Rxe1+ 31. Qxe1 fxg6 32. Ra6 Qf7 33. Qe4 Kh7
34. Re6 Rb7 35. Rxg6 Qxg6 36. Qxb7+ Qg7 37. Qxb5 Qxb2 38. Qxc4 Qa1+ 39. Kh2
Qe5+ 40. Kg1 b2 41. Qc2+ Kg7 42. Qb1 Qc3 43. Kh2 Qc7+ 44. g3 Qc1 45. Qf5 b1=Q
46. Qd7+ Kh6 47. Qd6+ Qg6 48. Qf8+ Qg7 49. Qd6+ Kh7 50. Qd3+ Kg8 51. Qd5+ Qf7
52. Qd8+ Kg7 53. Qd4+ Qf6 54. Qd7+ Kh6 55. Qa7 Qd2 56. Kg2 Qc6+ 57. Kh2 Qdc1
58. f3 Qd2+ 59. Kg1 Qcc1# 0-1

[Event "C.to Provinciale PV"]
[Site "Cilavegna ITA"]
[Date "2006.01.07"]
[Round "3"]
[White "Ranola, Yves"]
[Black "Fadali, Mustafa"]
[Result "1-0"]
[WhiteElo "2434"]
[BlackElo "2009"]
[PlyCount "49"]
[EventDate "2006.01.06"]

1. c4 d6 2. g3 Nf6 3. Bg2 c6 4. Nc3 e5 5. e4 Be6 6. d3 Nbd7 7. Nge2 Qb6 8. O-O
Be7 9. h3 Qc7 10. Be3 Nf8 11. Rc1 Qc8 12. Kh2 Ng6 13. f4 exf4 14. Nxf4 Nxf4 15.
gxf4 Qc7 16. Qf3 h5 17. Kg1 a6 18. b4 Rc8 19. Qf2 h4 20. f5 Bd7 21. Bb6 Qb8 22.
d4 Rh5 23. Rce1 d5 24. exd5 Rxf5 25. Qe3 1-0

[Event "C.to Provinciale PV"]
[Site "Cilavegna ITA"]
[Date "2006.01.07"]
[Round "4"]
[White "Fadali, Mustafa"]
[Black "Giuberchio, Cesare"]
[Result "1-0"]
[WhiteElo "2009"]
[BlackElo "1973"]
[PlyCount "63"]
[EventDate "2006.01.06"]

1. e4 e6 2. d4 f5 3. Bd3 fxe4 4. Bxe4 Nf6 5. Bd3 b6 6. Nf3 Bb7 7. Nc3 Bd6 8.
Bg5 O-O 9. Qe2 Nc6 10. a3 Qe8 11. O-O-O Ne7 12. Bxf6 Rxf6 13. Ne4 Rf8 14. Kb1
Qh5 15. h3 g6 16. g4 Qa5 17. h4 Rf4 18. h5 Raf8 19. hxg6 Rxf3 20. Rh5 Bd5 21.
Nxd6 cxd6 22. Rxh7 R3f6 23. g5 Ba2+ 24. Kxa2 Qxg5 25. Rh5 Qg2 26. Rh8+ Kg7 27.
Rh7+ Kg8 28. Rxe7 Qd5+ 29. Kb1 Rxf2 30. g7 R8f7 31. Re8+ Kxg7 32. Qg4+ 1-0

[Event "C.to Provinciale PV"]
[Site "Cilavegna ITA"]
[Date "2006.01.07"]
[Round "4"]
[White "Griffini, Andrea"]
[Black "Arena, Piermario"]
[Result "1/2-1/2"]
[WhiteElo "1732"]
[BlackElo "1670"]
[PlyCount "54"]
[EventDate "2006.01.06"]

1. e4 d5 2. Nf3 dxe4 3. Ng5 Nf6 4. Bc4 e6 5. Nc3 Be7 6. O-O O-O 7. Ngxe4 b6 8.
Nxf6+ Bxf6 9. Ne4 Ba6 10. Bxa6 Nxa6 11. Qe2 Nc5 12. Nxc5 bxc5 13. Rb1 Qd6 14.
b3 Rfd8 15. d3 Bc3 16. Bb2 Bxb2 17. Rxb2 Qd4 18. Rbb1 Rd6 19. Qf3 Rb8 20. Rfe1
Qc3 21. Re2 g6 22. a4 a5 23. Rbe1 Rbd8 24. Qb7 c6 25. Qb6 Qb4 26. Qc7 R8d7 27.
Qc8+ Rd8 1/2-1/2

[Event "C.to Provinciale PV"]
[Site "Cilavegna ITA"]
[Date "2006.01.07"]
[Round "4"]
[White "Marchesotti, Giovanni"]
[Black "Fadigati, Roberto"]
[Result "1/2-1/2"]
[WhiteElo "1550"]
[BlackElo "1473"]
[PlyCount "50"]
[EventDate "2006.01.06"]

1. Nf3 d6 2. c4 Nd7 3. Nc3 Ngf6 4. g3 e5 5. Bg2 Be7 6. O-O O-O 7. d4 exd4 8.
Qxd4 Nb6 9. b3 Nfd7 10. Bb2 Bf6 11. Qd2 Ne5 12. Nxe5 Bxe5 13. Ne4 Nd7 14. Bxe5
Nxe5 15. Ng5 h6 16. Nf3 Nxf3+ 17. Bxf3 Rb8 18. Rad1 Qe7 19. Rfe1 Bf5 20. Qd4 b6
21. Qf4 Qg5 22. Qxg5 hxg5 23. Bc6 Be6 24. e4 f6 25. Bd5 Rfe8 1/2-1/2

[Event "C.to Provinciale PV"]
[Site "Cilavegna ITA"]
[Date "2006.01.07"]
[Round "4"]
[White "Orsi, Matteo"]
[Black "Ranola, Yves"]
[Result "0-1"]
[WhiteElo "1900"]
[BlackElo "2434"]
[PlyCount "34"]
[EventDate "2006.01.06"]

1. d4 Nf6 2. c4 Nc6 3. Nc3 e5 4. d5 Ne7 5. e4 Ng6 6. Nge2 Bc5 7. f3 a5 8. Qd3
d6 9. Bd2 a4 10. Ng3 O-O 11. Bg5 Nf4 12. Qd2 c6 13. Nge2 a3 14. b3 Bb4 15. Nxf4
exf4 16. Bxf4 cxd5 17. Bd3 d4 0-1

[Event "C.to Provinciale PV"]
[Site "Cilavegna ITA"]
[Date "2006.01.07"]
[Round "4"]
[White "Sparpaglione, Bruno"]
[Black "Ornati, Gianmaria"]
[Result "0-1"]
[WhiteElo "1790"]
[BlackElo "1675"]
[PlyCount "128"]
[EventDate "2006.01.06"]

1. d4 Nf6 2. Nf3 g6 3. c4 Bg7 4. Nc3 O-O 5. e4 d6 6. Be2 e5 7. O-O Nc6 8. d5
Ne7 9. Re1 Ne8 10. b4 f5 11. Qc2 f4 12. c5 Rf7 13. a4 Bf8 14. Ba3 Rg7 15. b5 g5
16. Kf1 Ng6 17. cxd6 cxd6 18. Bb4 g4 19. Nd2 Qh4 20. Kg1 g3 21. fxg3 fxg3 22.
Nf1 gxh2+ 23. Kh1 Qf2 24. Nxh2 Nf4 25. Rg1 Rxg2 26. Raf1 Rxg1+ 27. Rxg1+ Kh8
28. Bd1 Qxc2 29. Bxc2 Bd7 30. Nf3 Rc8 31. Bb3 Nd3 32. Na2 Nxb4 33. Nxb4 Rc3 34.
Bd1 Rc4 35. Ng5 h6 36. Nf7+ Kh7 37. Na2 Nf6 38. Nd8 Nxe4 39. Bb3 Rc7 40. Nb4
Ng5 41. Nbc6 bxc6 42. dxc6 Bf5 43. Bd5 Be7 44. Nb7 Be4+ 45. Bxe4+ Nxe4 46. Rb1
Nc3 47. Rb3 Nxa4 48. Ra3 Nb6 49. Rxa7 d5 50. Ra6 Nc4 51. b6 Rxc6 52. Na5 Rxb6
53. Ra7 Re6 54. Nxc4 dxc4 55. Rc7 Kg6 56. Rxc4 Kf5 57. Kg2 Bg5 58. Kf3 e4+ 59.
Ke2 Kf4 60. Rc8 Ra6 61. Rf8+ Kg3 62. Re8 Ra2+ 63. Kf1 Kf3 64. Kg1 Bf4 0-1

[Event "C.to Provinciale PV"]
[Site "Cilavegna ITA"]
[Date "2006.01.07"]
[Round "4"]
[White "Torretta, Gilberto"]
[Black "Melino, Gianluca"]
[Result "1-0"]
[WhiteElo "1664"]
[BlackElo "1640"]
[PlyCount "59"]
[EventDate "2006.01.06"]

1. e4 c5 2. Nf3 Nc6 3. Nc3 d6 4. d3 e6 5. g3 Nf6 6. Bg2 Be7 7. O-O O-O 8. Ne1
a6 9. a4 Qc7 10. f4 Bd7 11. Qe2 Rac8 12. Nf3 Nd4 13. Qf2 Nxf3+ 14. Bxf3 Bc6 15.
Bd2 Rfe8 16. Rae1 d5 17. e5 Nd7 18. Bg4 Rf8 19. Qe2 d4 20. Ne4 Bxa4 21. f5 exf5
22. Bxf5 Qxe5 23. Qg4 Rc7 24. Bf4 Nf6 25. Nxf6+ Qxf6 26. Bxc7 Qg5 27. Qxg5 Bxg5
28. b3 Be3+ 29. Rxe3 dxe3 30. bxa4 1-0

[Event "C.to Provinciale PV"]
[Site "Cilavegna ITA"]
[Date "2006.01.08"]
[Round "5"]
[White "Fadigati, Roberto"]
[Black "Melino, Gianluca"]
[Result "1/2-1/2"]
[WhiteElo "1473"]
[BlackElo "1640"]
[PlyCount "111"]
[EventDate "2006.01.06"]

1. d4 Nf6 2. Nc3 e6 3. Nf3 Bb4 4. Bd2 b6 5. a3 Be7 6. e4 Bb7 7. Bd3 d6 8. O-O
Nbd7 9. Bg5 O-O 10. Re1 c5 11. Bxf6 Nxf6 12. e5 dxe5 13. dxe5 Nd5 14. Be4 Nxc3
15. Qxd8 Raxd8 16. Bxb7 Nd5 17. Rad1 Nc7 18. c4 Rxd1 19. Rxd1 Rd8 20. Rxd8+
Bxd8 21. Bc6 Kf8 22. Nd2 Na6 23. f4 Nb8 24. Bf3 Ke7 25. Kf2 Kd7 26. b3 Nc6 27.
Bxc6+ Kxc6 28. a4 Bc7 29. Ke3 f6 30. Ke4 f5+ 31. Kf3 a6 32. Ke3 b5 33. axb5+
axb5 34. Kd3 g5 35. g3 g4 36. Nb1 bxc4+ 37. Kxc4 h5 38. Nd2 Ba5 39. Nf1 Be1 40.
Ne3 Bf2 41. Nf1 Bg1 42. b4 cxb4 43. Kxb4 Kd5 44. Kb5 Bd4 45. Nd2 Bc3 46. Nc4
Bd4 47. Nb6+ Ke4 48. Nd7 Bg1 49. Nf6+ Kd4 50. Kc6 Bxh2 51. Nxh5 Ke4 52. Kd6 Kf3
53. Kxe6 Bxg3 54. Kxf5 Bh4 55. Kg6 g3 56. Nxg3 1/2-1/2

[Event "C.to Provinciale PV"]
[Site "Cilavegna ITA"]
[Date "2006.01.08"]
[Round "5"]
[White "Giuberchio, Cesare"]
[Black "Arena, Piermario"]
[Result "1-0"]
[WhiteElo "1973"]
[BlackElo "1670"]
[PlyCount "73"]
[EventDate "2006.01.06"]

1. e4 e6 2. d3 d5 3. Nd2 Nf6 4. Ngf3 Bc5 5. d4 Be7 6. e5 Nfd7 7. Bd3 c5 8. c3
Nc6 9. O-O a5 10. Re1 a4 11. Nf1 c4 12. Bc2 b5 13. Bf4 Nf8 14. b3 axb3 15. axb3
Rxa1 16. Qxa1 Ng6 17. Bg3 O-O 18. Qb2 Bd7 19. Ra1 Qc7 20. h4 Rb8 21. h5 Nf8 22.
Bb1 cxb3 23. Qxb3 Qc8 24. Bd3 b4 25. c4 dxc4 26. Bxc4 Ra8 27. Rxa8 Qxa8 28. d5
exd5 29. Bxd5 Qe8 30. Ne3 Be6 31. Qc4 Bxd5 32. Nxd5 Nd8 33. Qc7 Nd7 34. Nxe7+
Qxe7 35. Bh4 f6 36. exf6 gxf6 37. Ne5 1-0